000
00244nam a2200109Ia 4500
008
210210b1923 xxu||||| |||| 00| 0 eng d
082
_a
536/79
100
_a
LODGE (Oliver)
245
_a
Electrons
260
_a
London
_b
-
_c
1923
906
_a
008877
999
_c
126696
_d
126696